| 000 | 00741nam a2200229 a 4500 | ||
|---|---|---|---|
| 001 | 000002201 | ||
| 003 | DO-SdBNP | ||
| 005 | 20240716115312.0 | ||
| 007 | 000002201 | ||
| 008 | 090701s2002 dr a 000 0 spa d | ||
| 020 | _a9993489107 | ||
| 040 |
_aBPMSU _bspa _cBPMSU |
||
| 082 | 4 |
_a793.735 _bC764y 2019 _222 |
|
| 100 | 1 |
_aContreras, Brunilda _d1949- |
|
| 245 | 1 | 0 |
_a¿Y qué nombre le pondremos? : _bmás adivinanzas... / _cBrunilda Contreras ; ilustraciones Jorge Pineda. |
| 260 |
_aSanto Domingo : _bTalleres de 3c print, _c2002. |
||
| 300 |
_a[60] p. : _bil. ; _c20 cm. |
||
| 650 | 4 |
_aAdivinanzas _zRepública Dominicana |
|
| 700 | 1 |
_aPineda, Jorge, _eilustraciones |
|
| 910 | _aVMateo V. Control de calidad. BPMSU | ||
| 942 |
_2ddc _cBK |
||
| 999 |
_c7571 _d7571 |
||